00620nam a2200169Ia 4500008004000000020001900040082001500059100002400074245008100098260001700179300001200196650005900208690002800267906001100295999001700306952012700323210210b1995 xxu||||| |||| 00| 0 eng d a81 224 0691 2 a519.2 BISA aBISWAS (Suddhendu). aApplied stochastic process: a biostastical and population oriented approach. aPunebc1995 axiv,427 aApplied stochastic processes biostatistical population aMathematical Statistics a050585 c98941d98941 001040708MathematicsaALbALcMathematicsd2021-02-17g0.00l0o519.2 BISAp050585r2021-02-17 00:00:00w2021-02-17yBK